Драмы

Bibliografiske detaljer
Hovedforfatter: Софокл
Institution som forfatter: Академия Наук СССР
Andre forfattere: Зелинский Ф. Ф. (переводчик)
Sprog:russisk
Udgivet: Москва, Наука, 1990
Serier:Литературные памятники
Fag:
Format: MixedMaterials Bog
KOHA link:https://koha.lib.tpu.ru/cgi-bin/koha/opac-detail.pl?biblionumber=120615

MARC

LEADER 00000nam0a2200000 4500
001 120615
005 20231031125103.0
010 |a 5020126721 
035 |a (RuTPU)RU\TPU\book\130605 
090 |a 120615 
100 |a 20070903d1990 m y0rusy50 ca 
101 1 |a rus  |c gre 
102 |a RU 
105 |a a z 000ay 
200 1 |a Драмы  |f Софокл  |g Академия Наук СССР; пер.с древнегреч. Ф. Ф. Зелинский 
210 |a Москва  |c Наука  |d 1990 
215 |a 606 с.  |c ил. 
225 1 |a Литературные памятники 
610 1 |a античная литература 
675 |a 875  |v 3 
700 0 |a Софокл  |c древнегреческий поэт-драматург  |f 496-406 гг. до н.э.  |2 stltpush  |3 (RuTPU)RU\TPU\pers\4362 
702 1 |a Зелинский  |b Ф. Ф.  |4 730 
712 0 2 |a Академия Наук СССР  |2 stltpush  |3 (RuTPU)RU\TPU\col\722 
801 1 |a RU  |b 63413507  |c 20070903  |g PSBO 
942 |c BK